| 000 | 00369nam a22001337a 4500 | ||
|---|---|---|---|
| 082 |
_a346.7305 _bKHU |
||
| 100 | _aKhurram, Muhammad | ||
| 245 |
_aForensic Laws with DNA and Forensic Science Reports/ _cMuhammad Khurram. |
||
| 260 |
_aLahore: _bAL-HAQ Law Book Centre. |
||
| 300 |
_a744p. ; _c24cm. |
||
| 563 | _aHB | ||
| 650 |
_aLaw _935302 |
||
| 942 |
_2ddc _cBK |
||
| 999 |
_c612983 _d612983 |
||